| 000 | 00322nam a22001337a 4500 | ||
|---|---|---|---|
| 020 | _qHB. | ||
| 040 | _cFIZZA ISHAQ | ||
| 082 |
_a576.58 _bEMM |
||
| 100 |
_aPARADIS,EMMANUEL. _990746 |
||
| 245 |
_aPOPULATION GENOMICS WITH R / _cEMMANUEL PARADIS. |
||
| 260 |
_aCRC PRESS ; _c2020. |
||
| 300 | _a387 P. ; | ||
| 942 |
_2ddc _cBK |
||
| 999 |
_c588974 _d588974 |
||